00433nam a2200145Ia 4500008004100000041000900041082001800050100002100068245002500089260004600114300000700160650000800167999001700175952009500192230718s9999 xx 000 0 und d aEng. a340.09bCHO-P aChoudhary, Akram 0aPakistan law Journal aPakistanbSupreme Court of Pakistanc2016 a64 aLaw c31285d31285 00104070aSIRC-LbSIRC-Ld2023-07-18l0o340.09 CHO-Pp26236r2023-07-18w2023-07-18yBK